000 00711nam a2200229 a 4500
008
020 _a013012897X (pbk.)
049 _aMAIN
090 _aHF5823
_bAIT
100 1 _aAitchison, Jim.
245 1 0 _aCutting edge advertising :
_bhow to create the world`s best print for brands in the 21st century /
_cJim Aitchison.
260 _aSingapore :
_bPrentice Hall,
_c1999.
300 _aix, 337 p. :
_bill. ;
_c23 cm.
500 _aIncludes index.
504 _aIncludes bibliographical references.
650 1 _aAdvertising.
907 _a.b10284096
_b07-03-13
_c23-09-10
003
005 20230120144452.0
040 _cNUST
942 _cBOOKS
_kHF5823
_mAIT
999 _c97412
_d97412